Through town and jungle: (Record no. 84438)

MARC details
000 -LEADER
fixed length control field 00744nam a22002057a 4500
005 - DATE AND TIME OF LATEST TRANSACTION
control field 20140724124034.0
010 ## - LCCN (DPL NO)
LC control number ENG-110053
020 ## - INTERNATIONAL STANDARD BOOK NUMBER
International Standard Book Number 9789380607696
Terms of availability 1395.00
035 ## - SYSTEM CONTROL NUMBER
System control number EN-93586
037 ## - SOURCE OF ACQUISITION
Source of stock number/acquisition DBAD/PUB
082 ## - DEWEY DECIMAL CLASSIFICATION NUMBER
Classification number 915.4
100 ## - MAIN ENTRY--PERSONAL NAME
Personal name Workman, Willian Hunter
245 ## - TITLE STATEMENT
Title Through town and jungle:
Statement of responsibility, etc by William Hunter Workman [and] Fanny Bullock Workman
Remainder of title foruteen thousand miles a-wheel among the temples and people of the Indian plain /
260 ## - PUBLICATION, DISTRIBUTION, ETC. (IMPRINT)
Place of publication, distribution, etc Delhi
Name of publisher, distributor, etc Primus Books
Date of publication, distribution, etc 2013
270 ## - ADDRESS
Address Virat Bhavan ,Mukherjee Nagar Commercial Complex
City Delhi
Postal code 110009
300 ## - PHYSICAL DESCRIPTION
Extent xiv,380p. :
Other physical details ill.,maps
Dimensions 24cm(Hb)
500 ## - GENERAL NOTE
General note Includes index
700 ## - ADDED ENTRY--PERSONAL NAME
Personal name Workman, Fanny Bullock
942 ## - ADDED ENTRY ELEMENTS (KOHA)
Source of classification or shelving scheme Dewey Decimal Classification
Item type English Books
Call number suffix WOR
Classification part 915.4
Holdings
Withdrawn status Lost status Not for loan Collection code Home library Current library Date acquired Source of acquisition Cost, normal purchase price Full call number Barcode Copy number Cost, replacement price Koha item type
    Not For Loan Non-fiction D.B.Act.Division D.B.Act.Division 22/05/2014 DBAD/PUB 1395.00 915.4 WOR EN-93586 1 1395.00 English Books

© Delhi Public Library
Hit Counter
free hit counter